| 000 | 00536nam a22001937a 4500 | ||
|---|---|---|---|
| 003 | CDMR | ||
| 005 | 20151016134202.0 | ||
| 008 | 131112s2002 xxu||||| |||| 00| 0 eng d | ||
| 020 | _a846660099X | ||
| 024 |
_2DL _aB422512002 |
||
| 040 |
_cCDMR _bcat |
||
| 110 | 2 |
_9946 _aPeriódico de Catalunya |
|
| 245 | 1 | 3 |
_aEl Periódico de Catalunya _b: libro de estilo |
| 260 |
_aBarcelona _bPrimera Plana _c2002 |
||
| 300 | _a494 p. | ||
| 500 | _aExisteix la versió amb català | ||
| 650 |
_93086 _aPeriodisme _xManuals d'estil |
||
| 942 |
_2udc _cMON |
||
| 999 |
_c6667 _d6667 |
||